Genre Studies in mass media : (Record no. 144199)

MARC details
000 -LEADER
fixed length control field 00584nam a22001937a 4500
005 - DATE AND TIME OF LATEST TRANSACTION
control field 20170908114016.0
010 ## - LCCN (DPL NO)
LC control number ENG-120362
020 ## - INTERNATIONAL STANDARD BOOK NUMBER
International Standard Book Number 9788184050622
Terms of availability 825.00
035 ## - SYSTEM CONTROL NUMBER
System control number EN-103894
037 ## - SOURCE OF ACQUISITION
Source of stock number/acquisition DBAD/PUB
082 ## - DEWEY DECIMAL CLASSIFICATION NUMBER
Classification number 302.23
100 ## - MAIN ENTRY--PERSONAL NAME
Personal name Silverblatt,Art
245 ## - TITLE STATEMENT
Title Genre Studies in mass media :
Statement of responsibility, etc by Art Silverblatt
Remainder of title a handbook /
260 ## - PUBLICATION, DISTRIBUTION, ETC. (IMPRINT)
Place of publication, distribution, etc New Delhi
Name of publisher, distributor, etc Reference Press
Date of publication, distribution, etc 2010
270 ## - ADDRESS
Address 4831/24,Ansari Road Darya Ganj
City New Delhi
Postal code 110002
300 ## - PHYSICAL DESCRIPTION
Extent xiv,258.:
Dimensions 23cm(Hb)
Other physical details ill.
500 ## - GENERAL NOTE
General note Includes index
942 ## - ADDED ENTRY ELEMENTS (KOHA)
Source of classification or shelving scheme Dewey Decimal Classification
Item type English Books
Classification part 302.23
Call number suffix SIL
Holdings
Withdrawn status Lost status Not for loan Collection code Home library Current library Date acquired Source of acquisition Cost, normal purchase price Full call number Barcode Copy number Cost, replacement price Koha item type
    Not For Loan Non-fiction D.B.Act.Division Bawana 08/09/2017 DBAD/PUB 825.00 302.23 SIL EN-103894 1 825.00 English Books

© Delhi Public Library
Hit Counter
free hit counter